000 00444nam a2200169Ia 4500
005 20250508150804.0
008 008 250505s9999 xx 000 0 eng d
037 _aTextual
040 _aFEDL
_beng
_cFEDL
041 _aeng
_2eng
084 _a261, TAW
_qFEDL
100 _aTawney R.H.
_9690214
245 0 _aReligion and the rise of capitalism
300 _axvi,334p.
942 _cTEXL
_h261, TAW
999 _c1325671
_d1325671